| 000 | 00528nam a22002057a 4500 | ||
|---|---|---|---|
| 003 | OSt | ||
| 005 | 20140310181938.0 | ||
| 008 | 121204t xxu||||| |||| 00| 0 eng d | ||
| 020 | _a185326170X | ||
| 050 |
_aPR 4057 _b.B188 1995 |
||
| 082 |
_aCLA _bB21c 1995 |
||
| 100 |
_aBallantyne, R.M. _93097 |
||
| 245 |
_aThe coral island / _cR.M. Ballantyne. |
||
| 260 |
_aDenmark : _bWordsworth Edition Ltd., _c1995 |
||
| 300 | _c18cm | ||
| 541 | _j1 | ||
| 562 | _e1 | ||
| 700 |
_aBallantyne, R.M. _93097 |
||
| 942 |
_2lcc _cBBK _kCLA |
||
| 999 |
_c7586 _d7586 |
||